| 000 | 00410nam a2200157Ia 4500 | ||
|---|---|---|---|
| 003 | GCL | ||
| 008 | 140319s9999 xx 000 0 eng d | ||
| 040 |
_aGCL / _cGCL |
||
| 082 | 0 | 4 |
_a729 _bK A |
| 100 | 1 | _aKRIER, ROB | |
| 245 | 1 | 0 |
_aARCHITECTURAL COMPOSITION / _cKRIER, ROB |
| 260 |
_a[S.N] : _bACADEMY EDITIONS ، _c1991 |
||
| 300 | _a320 P | ||
| 650 | 0 | 4 | _aARCHITECTURAL PLANES AND PLANNING |
| 942 |
_2ddc _cBK |
||
| 999 |
_c11053 _d11053 |
||